000 00708nam a2200253Ia 4500
001 Z_4076
003 CHAP
008 220113s2001 xx 000 0 und d
010 _a167139
040 _cCHAP
082 _a637.14 S26
100 _aSantos Moreno, Armando
_9102515
245 _aManual de elaboración de productos lácteos 1 /
_cpor Armando Santos Moreno
260 _aChapingo, Méx. :
_bUACH. Departamento de Ingeniería Agroindustrial,
_c2001
300 _a133 p. ; ilus.
650 _aProductos lácteos
_xAnálisis
_992125
650 _aProductos lácteos
_xProcesado
_992149
901 _a637.14 S26
902 _aM
910 _a2001
942 _c1
942 _cc1
999 _c167139
_d167139